Statystyki dla 15 najbardziej dotkniętych krajów Covid-19 - 6/10/2020

Kliknij tutaj aby rozwiązać quiz!

Ogólne statystyki

  • Ten quiz został rozwiązany 21 razy
  • Średni wynik to 11 z 24

Statystyki odpowiedzi

kraj% Poprawnych
Stany Zjednoczone
95%
Rosja
90%
Indie
86%
Francja
81%
Hiszpania
76%
Brazylia
71%
Meksyk
67%
Wielka Brytania
67%
Argentyna
62%
Chile
52%
Chile
52%
Republika
Południowej Afryki
52%
Kolumbia
48%
Iran
38%
Peru
38%
Irak
24%
Katar
24%
Bahrajn
14%
Izrael
14%
Kuwejt
14%
Panama
14%
Armenia
10%
Kostaryka
10%
Oman
10%

Rozkład punktacji

Percentyl według liczby udzielonych odpowiedzi

Procent ludzi z każdym wynikiem

Twoja historia wyników

Nie rozwiązałeś tego quizu